| 000 | 00697nam a2200217 a 4500 | ||
|---|---|---|---|
| 005 | 20251106063907.0 | ||
| 008 | 010430s1994 mx r 000 0 spa d | ||
| 035 | _aUPN01000105852 | ||
| 049 | _aCG | ||
| 050 | 4 |
_aLB2321 _bC6.6 |
|
| 110 | 2 | _aComité de Ciencias Agropecuarias | |
| 245 | 0 |
_aMarco de referencia para la evaluación / _cComité de Ciencias Agropecuarias |
|
| 260 |
_aMéxico _bSEP _bANUIES _c1994 |
||
| 300 | _a86 P. | ||
| 500 | _a"Comités Interinstitucionales para la evaluación de la Educación Superior" | ||
| 650 | 4 |
_aEducación superior _vEvaluación _912415 |
|
| 650 | 4 |
_aEVALUACION - _xPROGRAMAS DE ENSEÑANZA. |
|
| 901 | _a48573 | ||
| 902 | _aELI/cav | ||
| 905 | _aLibro | ||
| 999 |
_c79765 _d79765 |
||